00759nam a22001817a 450000500170000002000300001704000350004708200140008210000220009624500850011826000520020330000300025550000190028552002120030454600090051665000260052565000260055120251002120853.0 a97899780802cTZS 10,000/= aMCCLbeng.eAACR 2nd. ed. rev. a519.5 NAT aNATIONAL BOARD... aElements of Business mathematics and statistics :cNational Board..bstory text/ aTanzania : bChangombe Industrial Area ,cc2014 a384 p . :b ill ;c30 cm. aincludes index aAimed both at students taking professional accounting examinations and at business studies students, this book provides a comprehensive introduction to basic techniques in business mathematics and statistics aeng. aBusiness mathematics  aCommercial statistics